000 00595nam a2200229Ia 4500
003 OSt
005 20240724151141.0
008 210423s2008 xx 000 0 und d
020 _a9788174466204
040 _cAL
041 _aeng
082 _a331
_223
_bSINI
100 _aSingh B D
_9117030
245 _aIndustrail relations and labour laws
260 _aNew Delhi
_bExcel Books
_c2008
300 _aviii,558
_bPB
365 _b300
_cINR
650 _aEconomics
_9117031
650 _aLabour Economics
_9117032
906 _aIndustrail ; labour ; laws ; relations
942 _2ddc
_cBK
999 _c175491
_d175491